Piping databook / (Record no. 60881)

000 -LEADER
fixed length control field 01411cam a22003614a 4500
001 - CONTROL NUMBER
control field 13020313
003 - CONTROL NUMBER IDENTIFIER
control field NUST-PNEC
005 - DATE AND TIME OF LATEST TRANSACTION
control field 20170116180709.0
008 - FIXED-LENGTH DATA ELEMENTS--GENERAL INFORMATION
fixed length control field 021204s2002 nyua f 001 0 eng d
010 ## - LIBRARY OF CONGRESS CONTROL NUMBER
LC control number 2002728461
015 ## - NATIONAL BIBLIOGRAPHY NUMBER
National bibliography number GBA1-W2698
020 ## - INTERNATIONAL STANDARD BOOK NUMBER
International Standard Book Number 007136451X
035 ## - SYSTEM CONTROL NUMBER
System control number (OCoLC)ocm47726797
040 ## - CATALOGING SOURCE
Transcribing agency PNEC
042 ## - AUTHENTICATION CODE
Authentication code lccopycat
050 00 - LIBRARY OF CONGRESS CALL NUMBER
Classification number TJ415
Item number .N39 2002
082 04 - DEWEY DECIMAL CLASSIFICATION NUMBER
Classification number 621.8672 NAY
Edition number 21
082 00 - DEWEY DECIMAL CLASSIFICATION NUMBER
Classification number 621.8672 NAY
Edition number 21
100 1# - MAIN ENTRY--PERSONAL NAME
Personal name Nayyar, Mohinder L.
245 10 - TITLE STATEMENT
Title Piping databook /
Statement of responsibility, etc. Mohinder L. Nayyar.
260 ## - PUBLICATION, DISTRIBUTION, ETC.
Place of publication, distribution, etc. New York ;
-- London
Name of publisher, distributor, etc. McGraw-Hill,
Date of publication, distribution, etc. 2002.
300 ## - PHYSICAL DESCRIPTION
Extent xxii, 857 p. :
Other physical details ill. ;
Dimensions 29 cm.
500 ## - GENERAL NOTE
General note Includes Index http://www.amazon.com/Piping-Databook-Mohinder-Nayyar/dp/007136451X/ref=sr_1_1?s=books&ie=UTF8&qid=1412223050&sr=1-1&keywords=007136451X
504 ## - BIBLIOGRAPHY, ETC. NOTE
Bibliography, etc. note Includes index.
650 #0 - SUBJECT ADDED ENTRY--TOPICAL TERM
Topical term or geographic name entry element Pipe
Form subdivision Handbooks, manuals, etc.
General subdivision ME
650 #0 - SUBJECT ADDED ENTRY--TOPICAL TERM
Topical term or geographic name entry element Pipe fitting
Form subdivision Handbooks, manuals, etc.
856 42 - ELECTRONIC LOCATION AND ACCESS
Materials specified Contributor biographical information
Uniform Resource Identifier <a href="http://www.loc.gov/catdir/bios/mh041/2002728461.html">http://www.loc.gov/catdir/bios/mh041/2002728461.html</a>
856 41 - ELECTRONIC LOCATION AND ACCESS
Materials specified Table of contents
Uniform Resource Identifier <a href="http://www.loc.gov/catdir/toc/mh031/2002728461.html">http://www.loc.gov/catdir/toc/mh031/2002728461.html</a>
856 42 - ELECTRONIC LOCATION AND ACCESS
Materials specified Publisher description
Uniform Resource Identifier <a href="http://www.loc.gov/catdir/description/mh031/2002728461.html">http://www.loc.gov/catdir/description/mh031/2002728461.html</a>
906 ## - LOCAL DATA ELEMENT F, LDF (RLIN)
a 7
b cbc
c copycat
d 2
e ncip
f 20
g y-gencatlg
942 ## - ADDED ENTRY ELEMENTS (KOHA)
Source of classification or shelving scheme
Koha item type Book
Holdings
Withdrawn status Lost status Source of classification or shelving scheme Damaged status Not for loan Permanent Location Current Location Shelving location Date acquired Source of acquisition Cost, normal purchase price Total Checkouts Full call number Barcode Date last seen Cost, replacement price Price effective from Koha item type
          Pakistan Navy Engineering College (PNEC) Pakistan Navy Engineering College (PNEC) Reference 09/17/2007 Capital Book Co. 6506.00   621.8672 NAY PNECLIB-028471 10/02/2014 6506.00 09/17/2007 Book
© 2023 Central Library, National University of Sciences and Technology. All Rights Reserved.